| 000 | 00539nam a2200157Ia 4500 | ||
|---|---|---|---|
| 003 | GCL | ||
| 005 | 20240530103236.0 | ||
| 008 | 140319s9999 xx 000 0 ara d | ||
| 040 |
_aGCL / _cGCL |
||
| 082 | 0 | 4 |
_a920 _bس ن |
| 100 | 1 | _aفليب حتى (تحرير) | |
| 245 | 1 | 0 |
_aنظم العقيات فى اعيان الاعيان / _cفليب حتى (تحرير) |
| 300 | _a179 ص | ||
| 700 | 1 | _aالسيوطى : جلال الدين ابوالفضل عبدالرحمن بن ابى بكر بن محمد الخضيرى | |
| 942 |
_2ddc _cBK |
||
| 999 |
_c37836 _d37836 |
||